Tisseo Bus 78 ( Toulouse ) - Statistiques

Statistiques générales
  • Ce quiz a été pris 18 fois
  • Le résultat moyen est 23 sur 36
Statistiques - réponses
Commune Correspondences Arret % Correct
Toulouse 44 Faculté de pharmacie
88%
Saint Orens 79, 83, 201 Saint Orens Lycée
88%
Toulouse Champs magnétiques
75%
Toulouse 37, 80 Clément Ader
75%
Saint Orens 83 Clinique
75%
Toulouse 27, 37 ENAC
75%
Saint Orens Fondargent
75%
Saint Orens 83 Gymnase
75%
Saint Orens 201 Mairie Saint Orens
75%
Saint Orens 83 Orée du bois
75%
Saint Orens L9, 83 Saint Orens Centre Commercial
75%
Toulouse B, Teleo, 34, 44, 54, 56, 81, 82, 115 Université Paul Sabatier
75%
Saint Orens 83 Catala
63%
Toulouse 83 Cayras
63%
Saint Orens L9, 83, 109, 201 Champs Pinsons
63%
Saint Orens Chênaie
63%
Toulouse 37, 80 CNES - IAS
63%
Toulouse 80 Cosmonautes
63%
Toulouse 44 Fac dentaire
63%
Saint Orens Galapagos
63%
Saint Orens Gameville
63%
Saint Orens Iles
63%
Toulouse IUT Rangueil
63%
Toulouse 27, 37 LAAS
63%
Saint Orens 109 Lalande
63%
Toulouse L9, 80, 109, 201 Malepère
63%
Toulouse Marcaissonne
63%
Saint Orens 83 Pins
63%
Saint Orens Poste de Saint Orens
63%
Toulouse 80 Saint Louis du Sénégal
63%
Saint Orens 83 Sophie Scholl
63%
Saint Orens 83 Labouilhe
50%
Saint Orens Saphirs
50%
Saint Orens Beauvoir
38%
Saint Orens Berniéres
38%
Toulouse 34, 44 Pont Ducoing
38%
Aucun quiz correspondant
Distribution des résultats
% des personnes avec chaque résultat
Percentile par nombre de réponses
Votre historique - résultats
Vous n’avez pas pris ce quiz